[Event "SVK-chT3B2 2122"]
[Site "Slovakia"]
[Date "2022.03.13"]
[Round "6.5"]
[White "Bujna, Martin"]
[Black "Mikuska, Michal"]
[Result "1/2-1/2"]
[WhiteElo "1813"]
[BlackElo "1583"]
[PlyCount "85"]
[EventDate "2021.10.24"]
[EventType "team-tourn"]
[EventRounds "11"]
[EventCountry "SVK"]
[SourceTitle "EXT 2024"]
[Source "ChessBase"]
[SourceDate "2023.10.10"]
[SourceVersion "1"]
[SourceVersionDate "2023.10.10"]
[SourceQuality "1"]
[WhiteTeam "Chynorany"]
[BlackTeam "Belusa II"]
[WhiteTeamCountry "SVK"]
[BlackTeamCountry "SVK"]

1. d4 d5 2. c4 c6 3. Nf3 Nf6 4. Nc3 Bf5 5. e3 h6 6. Qb3 Qb6 7. Qxb6 axb6 8. cxd5 cxd5 9. Bb5+ Bd7 10. Ne5 e6 11. Nxd7 Nfxd7 12. 0-0 Be7 13. e4 dxe4 14. Nxe4 0-0 15. Bf4 Nf6 16. Nd6 Nd5 17. Bg3 Nc6 18. Rfd1 Bxd6 19. Bxd6 Rfd8 20. Bg3 Ndb4 21. Bxc6 bxc6 22. Bc7 Rd5 23. Bxb6 Rxa2 24. Rxa2 Nxa2 25. Bc5 e5 26. Kf1 exd4 27. Ba3 c5 28. Ra1 Nb4 29. Bxb4 cxb4 30. Ra8+ Kh7 31. Rb8 Kg6 32. Ke2 d3+ 33. Kd2 Rd4 34. Re8 Kf5 35. Re3 g5 36. Rxd3 Ke4 37. Rxd4+ Kxd4 38. h3 h5 39. f3 f5 40. g3 g4 41. hxg4 hxg4 42. fxg4 fxg4 43. b3 1/2-1/2

[Event "SVK-chT3B2 1819"]
[Site "Slovakia"]
[Date "2018.11.25"]
[Round "3.8"]
[White "Mikuska, Michal"]
[Black "Vitek, Frantisek"]
[Result "1/2-1/2"]
[WhiteElo "1000"]
[BlackElo "1641"]
[PlyCount "146"]
[EventDate "2018.10.21"]
[EventType "team-tourn"]
[EventRounds "11"]
[EventCountry "SVK"]
[SourceTitle "CBM 189 Extra"]
[Source "ChessBase"]
[SourceDate "2019.06.03"]
[SourceVersion "1"]
[SourceVersionDate "2019.06.03"]
[SourceQuality "1"]
[WhiteTeam "Belusa"]
[BlackTeam "Povazska Bystrica Sparta"]
[WhiteTeamCountry "SVK"]
[BlackTeamCountry "SVK"]

1. e4 c5 2. Nf3 d6 3. c3 Nf6 4. Be2 Nc6 5. d3 h6 6. Qa4 Bd7 7. Qc2 e6 8. h3 Rc8 9. Be3 Be7 10. Nbd2 e5 11. Nh2 a6 12. 0-0 0-0 13. f4 exf4 14. Bxf4 Ne5 15. Ndf3 Qc7 16. Qd2 Ng6 17. Ne1 Nxf4 18. Qxf4 Be6 19. Ng4 Nxg4 20. Bxg4 Bxg4 21. Qxg4 Rcd8 22. Rf5 Qd7 23. Qg3 Qe6 24. Nc2 Kh8 25. Rd5 Bf6 26. Ne3 Be5 27. Qf3 g6 28. Qg4 Qxg4 29. Nxg4 Bg7 30. Rf1 f6 31. Ne3 b5 32. a4 Rfe8 33. g4 Kg8 34. axb5 axb5 35. Ra1 c4 36. Rxb5 cxd3 37. Rd1 Rxe4 38. Rxd3 Rde8 39. Kf2 R8e6 40. Rb7 Bf8 41. b4 Re7 42. Rxe7 Rxe7 43. Nd5 Rf7 44. b5 f5 45. Kg3 fxg4 46. hxg4 Bg7 47. b6 Be5+ 48. Kg2 Rb7 49. Rf3 Kg7 50. Kf2 h5 51. gxh5 gxh5 52. Ke3 Bxc3 53. Nxc3 Rxb6 54. Kd4 Rb4+ 55. Kd5 Rg4 56. Ne4 h4 57. Nxd6 Kg6 58. Ne4 Rg1 59. Ke5 Rg4 60. Rh3 Rg1 61. Rxh4 Ra1 62. Rg4+ Kf7 63. Nd6+ Ke7 64. Rg7+ Kf8 65. Rb7 Re1+ 66. Kf6 Rf1+ 67. Nf5 Ke8 68. Ke6 Re1+ 69. Kd6 Rd1+ 70. Ke5 Re1+ 71. Kd4 Rd1+ 72. Ke3 Re1+ 73. Kd2 Ra1 1/2-1/2

[Event "SVK-chT3B2 1819"]
[Site "Slovakia"]
[Date "2018.10.21"]
[Round "1.8"]
[White "Mikuska, Michal"]
[Black "Priwitzer, Viliam"]
[Result "1-0"]
[WhiteElo "1000"]
[BlackElo "1516"]
[PlyCount "56"]
[EventDate "2018.10.21"]
[EventType "team-tourn"]
[EventRounds "11"]
[EventCountry "SVK"]
[SourceTitle "CBM 189 Extra"]
[Source "ChessBase"]
[SourceDate "2019.06.03"]
[SourceVersion "1"]
[SourceVersionDate "2019.06.03"]
[SourceQuality "1"]
[WhiteTeam "Belusa"]
[BlackTeam "Handlova"]
[WhiteTeamCountry "SVK"]
[BlackTeamCountry "SVK"]

1. e4 e5 2. Nf3 Nc6 3. Nc3 Nf6 4. d4 exd4 5. Nxd4 Be7 6. Bc4 0-0 7. Be3 Na5 8. Bd3 c5 9. Nb3 Nxb3 10. axb3 d5 11. Nxd5 Nxd5 12. exd5 Qd6 13. 0-0 Bf6 14. c3 b6 15. Qf3 Bb7 16. Be4 Rfe8 17. Bf4 Qd7 18. Rfe1 a5 19. d6 Bxe4 20. Rxe4 Rxe4 21. Qxe4 Re8 22. Qf3 Qe6 23. h3 Qxb3 24. d7 Rd8 25. Re1 h6 26. Bc7 Rxd7 27. Re8+ Kh7 28. Qf5+ g6 1-0